Statistics for Countries of the 2022 FIFA World Cup - By Map

Click here to take the quiz!

General Stats

  • This quiz has been taken 147 times
  • The average score is 29 of 31

Answers on the Map

Answers color-coded by a green-red scale on the quiz's map according to % correct below.
 

Answer Stats

Country% Correct
France
98%
Mexico
98%
United States
98%
Argentina
96%
Australia
96%
Brazil
96%
Canada
96%
England And Wales
96%
Germany
96%
Portugal
96%
Spain
96%
Japan
95%
Morocco
94%
Poland
94%
Saudi Arabia
94%
Belgium
93%
Denmark
93%
Netherlands
93%
Uruguay
93%
South Korea
92%
Switzerland
92%
Qatar
91%
Senegal
91%
Croatia
90%
Ecuador
90%
Ghana
89%
Iran
89%
Cameroon
88%
Costa Rica
88%
Serbia
88%
Tunisia
86%

Score Distribution

Percentile by Number Answered

Percent of People with Each Score

Your Score History

You have not taken this quiz